Normal view
MARC view
Entry Topical Term
001 - CONTROL NUMBER
- control field: 585437
003 - CONTROL NUMBER IDENTIFIER
- control field:
005 - DATE AND TIME OF LATEST TRANSACTION
- control field: 20210603104620.0
008 - FIXED-LENGTH DATA ELEMENTS
- fixed length control field: 210603|| aca||aabn | a|a d
040 ## - CATALOGING SOURCE
- Original cataloging agency:
- Transcribing agency:
150 ## - HEADING--TOPICAL TERM
- Topical term or geographic name entry element: Weapons
- Form subdivision: Dictionaries
670 ## - SOURCE DATA FOUND
- Source citation: Work cat.: (): Stone, George Cameron 585436, A glossary of the construction, decoration and use of arms and armor :, c1999
